Call Of Duty Black Ops 6 Ultimate Quiz - Statistics

General Stats
  • This quiz has been taken 308 times
    62 since last reset
  • The average score is 47 of 201
Answer Stats
Class Answer % Correct
Assault Rifle AK-74
87%
SMG C9
80%
SMG PP-919
78%
Assault Rifle XM4
78%
Assault Rifle AMES 85
67%
SMG TANTO .22
62%
Assault Rifle KILO 141
60%
SMG KSV
60%
Sniper Rifle LW3A1 FROSTLINE
58%
SMG JACKAL PDW
56%
SMG LADRA
56%
SMG LC10
56%
Game Mode Free For All
53%
Assault Rifle GOBLIN MK2
53%
Assault Rifle GPR 91
53%
SMG PPSH-41
53%
SMG SAUG
53%
Assault Rifle CYPHER 091
51%
Assault Rifle KRIG C
51%
Assault Rifle AS VAL
47%
Lethal Frag
47%
Melee Knife
47%
Shotgun MARINE SP
47%
Assault Rifle MODEL L
47%
LMG XMG
47%
Lethal Semtex
44%
Marksman Rifle SWAT 5.56
44%
SMG KOMPAKT 92
42%
Sniper Rifle SVD
42%
Shotgun ASG-89
40%
Map Nuketown
40%
Map Nuketown Holiday
40%
Game Mode Team Deathmatch
40%
Marksman Rifle DM-10
38%
Sniper Rifle HDR
38%
Tactical Smoke
38%
Tactical Stim Shot
38%
Melee Baseball Bat
36%
Assault Rifle CR-56 AMAX
36%
Assault Rifle FFAR 1
36%
Pistol GREKHOVA
36%
LMG FENG 82
33%
Shotgun MAELSTROM
33%
Perk Ninja
33%
Pistol STRYDER .22
33%
Scorestreak UAV
33%
Perk Flak Jacket
31%
Wildcard Overkill
31%
Pistol 9MM PM
29%
Lethal Blast Trap
29%
Perk Ghost
29%
LMG GPMG-7
29%
Pistol GS45
29%
Game Mode Gunfight
29%
Launcher HE-1
29%
Lethal Impact Grenade
29%
Lethal Molotov
29%
Scorestreak RC-XD
29%
Game Mode Search and Destroy
29%
Special SIRIN 9MM
29%
Field Upgrade Spring Mine
29%
Marksman Rifle TR2
29%
Special NAIL GUN
27%
Melee Power Drill
27%
LMG PU-21
27%
Melee Sai
27%
Face-Off Map Stakeout
27%
Marksman Rifle TSARKOV 7.62
27%
Melee Bo Staff
24%
Lethal C4
24%
Launcher CIGMA 2B
24%
Tactical Concussion
24%
Tactical Decoy
24%
Perk Dexterity
24%
Game Mode Domination
24%
Lethal Drill Charge
24%
Speciality Enforcer
24%
Tactical Flashbang
24%
Map Hacienda
24%
Game Mode Hardpoint
24%
Melee Katanas
24%
Sniper Rifle LR 7.62
24%
Speciality Recon
24%
Perk Scavenger
24%
Melee Skateboard
24%
Lethal Thermo Grenade
24%
Marksman Rifle AEK-973
22%
Field Upgrade Assault Pack
22%
Melee Cleaver
22%
Lethal Combat Axe
22%
Scorestreak Counter UAV
22%
Special D1.3 SECTOR
22%
Marksman Rifle ESSEX MODEL 07
22%
Map Firing Range
22%
Wildcard Gunfighter
22%
Scorestreak Hand Cannon
22%
Melee Nunchaku
22%
Map Red Card
22%
Map Skyline
22%
Perk Assassin
20%
Perk Bankroll
20%
Scorestreak Care Package
20%
Scorestreak Chopper Gunner
20%
Game Mode Control
20%
Melee Kali Sticks
20%
Tactical Shock Charge
20%
Perk Tac Mask
20%
Field Upgrade Trophy System
20%
Sniper Rifle AMR MOD 4
18%
Perk Gung-Ho
18%
Scorestreak Napalm Strike
18%
Tactical Prox Alarm
18%
Field Upgrade War Cry
18%
Map Babylon
16%
Face-Off Map Bullet
16%
Perk Double Time
16%
Game Mode Gun Game
16%
Scorestreak Hellstorm
16%
Wildcard Perk Greed
16%
Scorestreak Scout Pulse
16%
Face-Off Map Signal
16%
Field Upgrade Sleeper Agent
16%
Speciality Strategist
16%
Field Upgrade Tactical Insertion
16%
Map Vorkuta
16%
Face-Off Map | Map Warhead
16%
Map Bounty
13%
Game Mode Headquarters
13%
Game Mode Kill Confirmed
13%
Scorestreak LDBR
13%
Field Upgrade Morphine Injector
13%
Map Protocol
13%
Map Subsonic
13%
Map Vault
13%
Field Upgrade Acoustic AMP
11%
Map Barrage
11%
Perk Close Shave
11%
Scorestreak Death Machine
11%
Perk Dispatcher
11%
Scorestreak Dreadnought
11%
Perk Fast Hands
11%
Wildcard Flyswatter
11%
Perk Forward Intel
11%
Face-Off Map Gala
11%
Map Grind
11%
Scorestreak HARP
11%
Map Hideout
11%
Map Lowtown
11%
Face-Off Map Pit
11%
Game Mode Prop Hunt
11%
Map Rewind
11%
Scorestreak Sentry Turret
11%
Perk Shrapnel Radar
11%
Perk Slipstream
11%
Wildcard Tactical Expert
11%
Perk Cold-Blooded
9%
Wildcard Danger Close
9%
Map Dealership
9%
Game Mode Demolition
9%
Perk Engineer
9%
Face-Off Map Heirloom
9%
Scorestreak Interceptors
9%
Map Payback
9%
Face-Off Map Racket
9%
Map SCUD
9%
Tactical Spy Cam
9%
Perk Tracker
9%
Scorestreak Watchdog Helo
9%
Perk Bruiser
7%
Map Derelict
7%
Map Extraction
7%
Scorestreak Grim Reaper
7%
Wildcard High Roller
7%
Game Mode Infected
7%
Game Mode Kill Order
7%
Face-Off Map | Map Lifeline
7%
Field Upgrade Neurogas
7%
Scorestreak War Machine
7%
Map Blazetown
4%
Face-Off Map Blitz
4%
Perk Gearhead
4%
Perk Guardian
4%
Face-Off Map | Map Nomad
4%
Field Upgrade Scrambler
4%
Game Mode Sharpshooter
4%
Field Upgrade Signal Lure
4%
Perk Vendetta
4%
Perk Vigilance
4%
Map Fugitive
2%
Map Haven
2%
Perk Hunter's Instinct
2%
Perk Quartermaster
2%
Scorestreak SAM Turret
2%
Map Shutdown
2%
Scorestreak AGR MK1
0%
Scorestreak Archangel Launcher
0%
Wildcard Prepper
0%
Scorestreak Strategic Bomber
0%
No matching quizzes found
Score Distribution
Percent of People with Each Score
Percentile by Number Answered
Your Score History
You have not taken this quiz since the last reset